000 00511nam a2200181Ia 4500
008 180921t1996 xxu||||| |||| 00| 0 sin d
041 _asin
080 _a617.75
_bFRA
100 _aFrancis, Victoria
245 _aනිරෝගි ඇස් ක්‍රියාකාරකමි පොත
246 _aThe healthy eyes activity book
260 _b
_c1996
300 _a50p., ill., 30 cm
650 _aOphthalmology
_aEye
942 _cBK
999 _c18294
_d18294
003 LK-CoDNM
040 _aLK-CoDNM
_dLK-CoDNM
_eLK-CoDNM